Alberto Pancorbo (Record no. 14929)

MARC details
000 - LÍDER
campo de control de longitud fija 00931nam a2200217Ia 4500
008 - ELEMENTOS DE DATOS DE LONGITUD FIJA - INFORMACIÓN GENERAL
campo de control de longitud fija 0000001986 sp ad 0000000000spa00
020 ## - INTERNATIONAL STANDARD BOOK NUMBER
International Standard Book Number 8439875673
090 ## - NÚMERO DE LLAMADA DE TIPO LC LOCALMENTE ASIGNADO (OCLC)
Número de clasificación (OCLC) (R) PSP00 M85a
100 1# - ENTRADA PRINCIPAL - NOMBRE PERSONAL
Nombre de la persona Muñoz Cantos, Alfonso
245 10 - TÍTULO DECLARACIÓN
Título Alberto Pancorbo
Declaración de responsabilidad / textos Alfonso MuñozCantos ; prólogo Francisco Candel
260 ## - PUBLICACIÓN, DISTRIBUCIÓN
Lugar de publicación Barcelona : Alberto Pancorbo
Fecha de publicación 1986
300 ## - DESCRIPCIÓN FÍSICA
Alcance 112 p.
Dimensiones / 32 cm.
500 ## - NOTA GENERAL
Nota general Portada autografiada, con el siguiente texto: Para Luis Fernando con afecto de Pancorbo \ Incluye datos biográficos y cronología artística \ Donación de Galería el Museo de Bogotá \ Donación de Luis Fernando Pradilla, mayo 12 de 2016
600 00 - ENTRADA DE SUJETO AÑADIDO - NOMBRE PERSONAL
Nombre de la persona PANCORBO, ALBERTO, 1956/
Subdivisión general TRABAJOS PICTORICOS
650 14 - ENTRADA DE SUJETO AÑADIDO - TÉRMINO TÓPICO
Término tópico o elemento de entrada del nombre geográfico PINTURA ESPAÑOLA
650 14 - ENTRADA DE SUJETO AÑADIDO - TÉRMINO TÓPICO
Término tópico o elemento de entrada del nombre geográfico ARTE CONTEMPORANEO ESPAÑOL
650 14 - ENTRADA DE SUJETO AÑADIDO - TÉRMINO TÓPICO
Subdivisión general CATALOGOS
650 14 - ENTRADA DE SUJETO AÑADIDO - TÉRMINO TÓPICO
Término tópico o elemento de entrada del nombre geográfico DIBUJOS ESPAÑOLES
650 14 - ENTRADA DE SUJETO AÑADIDO - TÉRMINO TÓPICO
Término tópico o elemento de entrada del nombre geográfico PINTORES ESPAÑOLES
700 1# - ENTRADA AGREGADA - NOMBRE PERSONAL
Nombre de la persona Candel, Francisco
Holdings
Estado de retirada Pérdida de estatus Estado dañado No para préstamo Código de recogida Ubicación permanente Ubicación actual Ubicación de las estanterías Fecha de adquisición Número de llamada completo Código de barras Fecha de la última vez que se vio Número de copia Precio efectivo desde Tipo de artículo Koha
        General ArtNexus ArtNexus General 06/09/2022 P-SP-00 M85A 15202 06/09/2022 Ej.1 06/09/2022 Libro

Powered by Koha